Principles of corporate finance / (Record no. 2890)
[ view plain ]
| 000 -LEADER | |
|---|---|
| fixed length control field | 01138cam a2200229 a 4500 |
| 020 ## - INTERNATIONAL STANDARD BOOK NUMBER | |
| ISBN | 9780071314268 (pack) |
| 020 ## - INTERNATIONAL STANDARD BOOK NUMBER | |
| ISBN | 0071314261 (pack) |
| 020 ## - INTERNATIONAL STANDARD BOOK NUMBER | |
| ISBN | 9780071314176 (pbk.) |
| 020 ## - INTERNATIONAL STANDARD BOOK NUMBER | |
| ISBN | 0071314172 (pbk.) |
| 050 ## - CALL NUMBER | |
| Classification number | HG4026.B74 |
| 100 1# - AUTHOR | |
| Personal name | Brealey, Richard A. |
| 245 10 - TITLE | |
| Title | Principles of corporate finance / |
| Statement of responsibility, etc | Richard A. Brealey, Stewart C. Myers, Franklin Allen. |
| 250 ## - EDITION | |
| Edition statement | 10th ed., Global ed. |
| 260 ## - PUBLICATION INFORMATION | |
| Place of publication | New York : |
| Name of publisher | McGraw-Hill Irwin, |
| Year of publication | c2011. |
| 300 ## - DESCRIPTION | |
| Number of Pages | 944 p. : |
| Other physical details | ill. (some col.) ; |
| Dimensions | 26 cm. + |
| Accompanying material | 1 Internet access card. |
| 500 ## - NOTES | |
| General note | includes index |
| 505 ## - FORMATTED CONTENTS NOTE | |
| Table of Content | Part 1 Value 29<br/>Part 2 Risk 184<br/>Part 3 Best practices in capital budgeting 268<br/>Part 4 Financing decisions and market efficiency 340<br/>Part 5 Payout policy and capital structure 419<br/>Part 6 Options<br/>Part 7 Debt financing 605<br/>Part 8 Risk management 673<br/>Part 9 Financial planning and working capital management 732<br/>Part 10 Mergers, corporate control and governance 820<br/>Part 11 Conclusion 900<br/> |
| 650 V0 - SUBJECTS | |
| Topical Term | Corporations |
| General subdivision | Finance. |
| 700 1# - OTHER AUTHORS | |
| Personal name | Myers, Stewart C. |
| 700 1# - OTHER AUTHORS | |
| Personal name | Allen, Franklin, |
| 942 ## - ADDED ENTRY ELEMENTS (KOHA) | |
| Koha item type | Books |
| Withdrawn status | Lost status | Collection code | Home library | Current library | Shelving location | Date acquired | Full call number | Accession Number | Koha item type |
|---|---|---|---|---|---|---|---|---|---|
| Reference | Methodist University Library Main | Methodist University Library Main | General Stacks | 27/02/2013 | HG4026.B74 | 37618 | Books | ||
| Reference | Methodist University Library Main | Methodist University Library Main | General Stacks | 27/02/2013 | HG4026.B74 | 37374 | Books |